Guyton and Hall textbook of medical physiology / (رقم التسجيلة. 79390)

تفاصيل مارك
000 -الفاتح
حقل البيانات ثابتة الطول 01687cam a2200325Mi 4500
001 - رقم الضبط
رقم الضبط 1183718201
003 - محدد رقم الضبط
رقم الضبط OCoLC
005 - وقت وتاريخ اخر تعامل مع التسجيلة
رقم الضبط 20210304175651.0
008 - عناصر البيانات ثابتة الطول - معلومات عامة
حقل البيانات ثابتة الطول 200715s2021 paua b 001 0 eng
020 ## - الرقم الدولى المعيارى للكتب
الرقم الدولى المعيارى للكتاب 9780323597128
020 ## - الرقم الدولى المعيارى للكتب
الرقم الدولى المعيارى للكتاب 0323597122
020 ## - الرقم الدولى المعيارى للكتب
الرقم الدولى المعيارى للكتاب 9780323672801
020 ## - الرقم الدولى المعيارى للكتب
الرقم الدولى المعيارى للكتاب 0323672809
035 ## - رقم ضبط النظام
رقم ضبط النظام (OCoLC)1183718201
040 ## - مصدر الفهرسة
وكالة الفهرسة الأصلية AU@
لغة الفهرسة eng
قواعد الوصف rda
وكالة النسخ AU@
082 ## - رقم تصنيف ديوى العشرى
رقم الطبعة 22
رقم التصنيف 612
رقم المادة HJG
100 1# - المدخل الرئيسى - إسم شخصى
الإسم الشخصى Hall, John E.
الشكل الأكمل للاسم (John Edward),
التواريخ المصاحبة للاسم 1946-
الدور author.
9 (RLIN) 9351
245 10 - بيان العنوان
العنوان Guyton and Hall textbook of medical physiology /
بيان المسئوليه,etc John E. Hall and Michael E. Hall.
246 3# - العنوان الموازى
عنوان صحيح/عنوان مختصر Textbook of medical physiology
250 ## - بيان الطبعة
بيان الطبعة Fourteenth edition.
264 #1 - النشر, التوزيع, ETC. (IMPRINT)
مكان الناشر او الموزع Philadelphia, PA :
اسم الناشر او الموزع Elsevier,
تاريخ النشر أو التوزيع [2021]
264 #4 - النشر, التوزيع, ETC. (IMPRINT)
تاريخ النشر أو التوزيع ℗♭2021.
300 ## - الوصف المادى
التعداد xix, 1132 pages :
تفاصيل ماديه اخرى للوعاء illustrations ;
أبعاد الوعاء 29 cm
504 ## - تبصرة ببليوجرافية
تبصرة ببليوجرافية,الخ Includes bibliographical references.
520 ## - التبصرة الخاصة بالتعليق أو التلخيص
ملخص,الخ Known for its clear presentation style, single-author voice, and focus on content most relevant to clinical and pre-clinical students, Guyton and Hall Textbook of Medical Physiology, 14th Edition, employs a distinctive format to ensure maximum learning and retention of complex concepts. A larger font size emphasizes core information, while supporting information, including clinical examples, are detailed in smaller font and highlighted in pale blue - making it easy to quickly skim the essential text or pursue more in-depth study. This two-tone approach, along with other outstanding features, makes this bestselling text a favorite of students worldwide.
650 #0 - المدخل الاضافى بالموضوع-مصطلح موضوعى
مصطلح موضوعي أو اسم جغرافي كعنصر مدخل Human physiology.
9 (RLIN) 88238
650 #0 - المدخل الاضافى بالموضوع-مصطلح موضوعى
مصطلح موضوعي أو اسم جغرافي كعنصر مدخل Physiology, Pathological.
9 (RLIN) 88239
700 1# - المدخل الاضافى - اسم شخصى
الإسم الشخصى Hall, M. E.
الشكل الأكمل للاسم (Michael E.),
الدور author.
9 (RLIN) 88240
942 ## - عناصر المدخل الإضافي( كوها)
مصدر التصنيف او مخطط الترفيف Dewey Decimal Classification
Koha [default] item type كتاب
المقتنيات
حالة الفقد نموذج السعر الفعال حالة تلف ليس للاعارة رقم الطلب تاريخ الاكتساب الموقع الحالي الباركود الفرع الرئيسي Date last seen نوع المادة فى نظام كوها مصدر التصنيف او خطة الترفيف Total Checkouts Date last checked out مُعار
  2021-03-04     612 HJG 2021-03-04 المكتبة المركزية بالمجمعة (CL) 00167070 المكتبة المركزية بالمجمعة (CL) 2021-03-04 كتاب Dewey Decimal Classification      
  2021-03-04     612 HJG 2021-03-04 المكتبة المركزية بالمجمعة (CL) 00167071 المكتبة المركزية بالمجمعة (CL) 2023-03-01 كتاب Dewey Decimal Classification 2 2022-05-25  
  2021-03-04     612 HJG 2021-03-04 المكتبة المركزية بالمجمعة (CL) 00167072 المكتبة المركزية بالمجمعة (CL) 2021-03-04 كتاب Dewey Decimal Classification      
  2021-03-04     612 HJG 2021-03-04 مكتبة كلية العلوم الطبية التطبيقية بالمجمعة - طالبات (AMF) 00167163 مكتبة كلية العلوم الطبية التطبيقية بالمجمعة - طالبات (AMF) 2021-12-07 كتاب Dewey Decimal Classification      
  2021-03-04     612 HJG 2021-03-04 مكتبة كلية العلوم الطبية التطبيقية بالمجمعة - طالبات (AMF) 00167164 مكتبة كلية العلوم الطبية التطبيقية بالمجمعة - طالبات (AMF) 2025-03-19 كتاب Dewey Decimal Classification 1 2025-03-19 2025-04-18